000 00631nam a22002297a 4500
003 UA-OsUOA
001 98219
007 ta
008 20130410b un ||||| |||| 00| 0 ukr d
100 _aРожнов В.
090 _a821.161.1
_bР63
942 _cBK
040 _aUA-OsUOA
_bukr
_cUA-OsUOA
_dUA-OsUOA
245 _aПророки и чудотворцы
_bэтюды о мистицизме
300 _a173 с.
955 _a2
041 _aukr
080 _a821.161.1
260 _aМ.
_bПолитиздат
_c1977
650 7 _a82 Література. Літературознавство
_2UDC
999 _c384639
_d384639